000
002490000a22000970004500
100
1
_a
Kang, Wi Jo
245
1
0
_a
The legacy of Horace Newton Allen
300
_a
Vol. 20, Núm 3 (1996), Páginas 125-128
773
0
_t
International Bulletin
942
_c
ANA
999
_c
57401
_d
57401